| 000 | 00638nam a2200229 a 4500 | ||
|---|---|---|---|
| 001 | 59264 | ||
| 003 | BD-RjUL | ||
| 005 | 20250825132521.0 | ||
| 008 | 161222r20031976bg ||||| |||| 00| 0 eng d | ||
| 020 | _c: Tk. 300.00 | ||
| 035 | _a(BD-RjUL)59388 | ||
| 040 |
_aBD-RjUL _beng _cBD-RjUL |
||
| 041 | _aeng | ||
| 082 |
_223 _a340.03 _bRAL 2003 |
||
| 100 |
_aRahman, Ghazi Shamsur _9176559 |
||
| 245 | 1 | 0 |
_aLaw Dictionary / _cGhazi Shamsur Rahman |
| 250 | _a1st. ed. | ||
| 260 |
_aDhaka : _bKamrul Book House, _c1976 [Reprint 2003] |
||
| 300 |
_a[8], 427p.; _c22 cm. |
||
| 650 |
_aLaw _zBangladesh _vDictionaries. _9176816 |
||
| 942 |
_2ddc _cBK |
||
| 999 |
_c59264 _d59264 |
||